000
00307nam a22001337a 4500
008
171027b xxu||||| |||| 00| 0 eng d
020
_a
9780134578965
041
_a
eng
080
_a
336
100
_a
56
101
_a
FIN
245
_a
FREE MARKETS, FINANCE, ETHICS, AND LAW
_c
BEAR, L.A
942
_2
udc
_c
BK
999
_c
36134
_d
36134